00334nam a2200121Ia 4500008004100000041000800041082001800049100001900067245004500086260004200131300003000173365000900203240624s9999 xx 000 0 und d aeng a332.60973 SCH aSCHIFF PETER D aCRASH PROOF 2 0 HOW TO PROFIT FROM THE E c2009aNew JerseybJohn Wiley and Sons axx, : 364 : p. : cm. ; 23 cb30